[Event "Pardubice Region-chT 2223"]
[Site "Czech Republic"]
[Date "2023.01.15"]
[Round "6.5"]
[White "Kotva, Milan"]
[Black "Juchelka, Marek"]
[Result "0-1"]
[WhiteElo "1775"]
[BlackElo "1820"]
[PlyCount "122"]
[EventDate "2022.10.09"]
[EventType "team-tourn"]
[EventRounds "11"]
[EventCountry "CZE"]
[SourceTitle "EXT 2024"]
[Source "ChessBase"]
[SourceDate "2023.10.10"]
[SourceVersion "1"]
[SourceVersionDate "2023.10.10"]
[SourceQuality "1"]

1. e4 c5 2. Nf3 Nc6 3. d4 cxd4 4. Nxd4 g6 5. Nxc6 bxc6 6. Qd4 f6 7. Nc3 Bg7 8. h4 e5 9. Qa4 a5 10. h5 g5 11. Be2 Qc7 12. Be3 h6 13. 0-0-0 Rb8 14. Bc5 Bf8 15. Bxf8 Kxf8 16. Qa3+ Rb4 17. Rd2 Ne7 18. Rhd1 Kf7 19. Bg4 f5 20. Bf3 fxe4 21. Nxe4 d5 22. Nc5 e4 23. Be2 Qa7 24. Qc3 Re8 25. a3 Rb8 26. f3 exf3 27. Qxf3+ Nf5 28. Nb3 Qe3 29. Rf1 Qxf3 30. Rxf3 Re3 31. Nxa5 Rxf3 32. Bxf3 Bd7 33. c4 Ne3 34. Rd3 Re8 35. Kd2 Nf1+ 36. Kc3 Bf5 37. Rd4 c5 38. Bxd5+ Kg7 39. Rd3 Bxd3 40. Kxd3 Re3+ 41. Kc2 Re2+ 42. Kc3 Re3+ 43. Kc2 Rg3 44. Nb7 Ne3+ 45. Kd2 Nxd5 46. cxd5 Rxg2+ 47. Kc3 Kf6 48. d6 Ke6 49. a4 Rg3+ 50. Kc4 Rg4+ 51. Kb5 Kd7 52. Nxc5+ Kxd6 53. a5 Kc7 54. a6 Kb8 55. b4 Ka7 56. Ka5 Rg1 57. b5 Ra1+ 58. Kb4 g4 59. Ne4 Kb6 60. Kc4 Ra4+ 61. Kd3 g3 0-1

[Event "Pardubice Region-chT 2223"]
[Site "Czech Republic"]
[Date "2022.11.13"]
[Round "3.5"]
[White "Juchelka, Marek"]
[Black "Zaghloul, Ahmed"]
[Result "1-0"]
[WhiteElo "1820"]
[BlackElo "1000"]
[PlyCount "109"]
[EventDate "2022.10.09"]
[EventType "team-tourn"]
[EventRounds "11"]
[EventCountry "CZE"]
[SourceTitle "EXT 2024"]
[Source "ChessBase"]
[SourceDate "2023.10.10"]
[SourceVersion "1"]
[SourceVersionDate "2023.10.10"]
[SourceQuality "1"]

1. e4 c5 2. Nf3 Nc6 3. d4 cxd4 4. Nxd4 e5 5. Nf5 g6 6. Nd6+ Bxd6 7. Qxd6 Qe7 8. Qxe7+ Ngxe7 9. Bh6 Rg8 10. Bg5 d6 11. Nc3 a6 12. 0-0-0 Nd4 13. Bxe7 Kxe7 14. Nd5+ Kd8 15. c3 Bg4 16. Rd2 Rc8 17. Nf6 Rf8 18. Nxg4 f5 19. exf5 gxf5 20. Nxe5 dxe5 21. Kb1 Rf7 22. cxd4 Rd7 23. d5 Rc5 24. Be2 Ke7 25. Rhd1 Rd6 26. Rc2 Rcxd5 27. Rxd5 Rxd5 28. Rc7+ Kf6 29. Kc1 h6 30. Rxb7 a5 31. Rb5 Rd4 32. Rxa5 Rh4 33. h3 Rf4 34. f3 Rb4 35. a3 Rb8 36. b4 h5 37. Rc5 h4 38. Kd2 Ra8 39. Ra5 Re8 40. a4 Kg5 41. Ke3 Kf6 42. Rc5 Ke6 43. Bc4+ Kd6 44. Rd5+ Kc7 45. a5 Re7 46. b5 Rg7 47. Rxe5 Rxg2 48. Rxf5 Rg3 49. Rf7+ Kd6 50. a6 Rg5 51. Kd4 Re5 52. Kc3 Re1 53. a7 Rc1+ 54. Kb2 Rxc4 55. a8Q 1-0

[Event "Pardubice rapid op 33rd"]
[Site "Pardubice"]
[Date "2022.07.20"]
[Round "1"]
[White "Juchelka, Marek"]
[Black "Jurek, Josef"]
[Result "0-1"]
[WhiteElo "1803"]
[BlackElo "2200"]
[PlyCount "130"]
[EventDate "2022.07.20"]
[EventType "swiss (rapid)"]
[EventRounds "9"]
[EventCountry "CZE"]
[SourceTitle "CBM 209 Extra"]
[Source "ChessBase"]
[SourceDate "2022.09.30"]
[SourceVersion "1"]
[SourceVersionDate "2022.09.30"]
[SourceQuality "1"]

1. e4 c5 2. Nf3 e6 3. c3 Nf6 4. e5 Nd5 5. d4 cxd4 6. cxd4 b6 7. Nc3 Nxc3 8. bxc3 Qc7 9. Bb2 d6 10. Bd3 Nd7 11. exd6 Bxd6 12. 0-0 Bb7 13. h3 0-0 14. Rc1 e5 15. dxe5 Nxe5 16. Nxe5 Bxe5 17. Re1 Rfe8 18. Rc2 Rad8 19. Rce2 Qc6 20. f3 Bg3 21. Rxe8+ Rxe8 22. Rxe8+ Qxe8 23. Qe2 Qxe2 24. Bxe2 Be5 25. Kf2 g6 26. Ke3 g5 27. Bc4 Kg7 28. Kd3 h5 29. Bc1 Kg6 30. Be3 Bc6 31. Bd4 Bd6 32. Ke3 f5 33. Bd3 Bg3 34. Ke2 h4 35. Ke3 Bd7 36. Ke2 Kh5 37. Ke3 Be6 38. Bb1 Kg6 39. Ke2 Bc4+ 40. Bd3 Bxa2 41. c4 Bd6 42. Kd2 Bb3 43. Kc3 Ba4 44. Bb1 Bd7 45. Bd3 Bc5 46. Be5 Kf7 47. Kb3 Ke6 48. Bg7 Be7 49. Bd4 Bf6 50. Be3 Be7 51. Bd4 Bc6 52. Bc3 Bf6 53. Bd2 Be7 54. Bc3 g4 55. fxg4 fxg4 56. hxg4 Bxg2 57. Bf5+ Kf7 58. Be5 Bg5 59. Kb4 a6 60. c5 Be7 61. Kc4 bxc5 62. Bc8 h3 63. Bxa6 Bf1+ 64. Kd5 Bxa6 65. Ke4 Ke6 0-1

[Event "Pardubice Czech op-E 33rd"]
[Site "Pardubice"]
[Date "2022.07.17"]
[Round "7.4"]
[White "Juchelka, Marek"]
[Black "Hruska, Jan"]
[Result "0-1"]
[WhiteElo "1803"]
[BlackElo "2145"]
[PlyCount "126"]
[EventDate "2022.07.14"]
[EventType "team-swiss"]
[EventRounds "7"]
[EventCountry "CZE"]
[SourceTitle "CBM 209 Extra"]
[Source "ChessBase"]
[SourceDate "2022.09.30"]
[SourceVersion "1"]
[SourceVersionDate "2022.09.30"]
[SourceQuality "1"]
[WhiteTeam "Polabiny"]
[BlackTeam "Tuhy Korinek"]
[WhiteTeamCountry "CZE"]
[BlackTeamCountry "CZE"]

1. e4 e5 2. Nf3 Nc6 3. Bb5 a6 4. Ba4 Nf6 5. 0-0 Be7 6. Re1 b5 7. Bb3 d6 8. c3 0-0 9. h3 Na5 10. Bc2 c5 11. d4 Qc7 12. d5 c4 13. Be3 Bd7 14. Nbd2 Rfb8 15. a3 Bf8 16. Nf1 g6 17. N3h2 Bg7 18. Qd2 Nxe4 19. Bxe4 Nb3 20. Qe2 Nxa1 21. Rxa1 f5 22. Bc2 a5 23. f4 e4 24. Qd2 Qb7 25. b3 b4 26. axb4 axb4 27. Rxa8 Rxa8 28. bxc4 Bxc3 29. Qc1 Ra1 30. Bb1 Ba4 31. Nd2 Qg7 32. Nhf1 b3 33. Qe1 b2 34. Qh4 Bf6 35. Qf2 Bd1 36. Kh2 h6 37. c5 Qf7 38. Bd4 dxc5 39. Bxf6 Qxf6 40. Qxc5 Be2 41. Qc8+ Qf8 42. Qe6+ Qf7 43. Qc8+ Kh7 44. d6 Ra7 45. Ba2 Qg7 46. Be6 Bxf1 47. d7 Rxd7 48. Bxd7 e3 49. Nb1 e2 50. Qe8 h5 51. Bc6 Qc7 52. Kg3 h4+ 53. Kxh4 Qxf4+ 54. g4 Qh6+ 55. Kg3 Qxh3+ 56. Kf2 Qh4+ 57. Kf3 fxg4+ 58. Kf4 Qf2+ 59. Kg5 Qf5+ 60. Kh4 Qf6+ 61. Kg3 Kh6 62. Qe3+ g5 63. Qe4 e1Q+ 0-1

[Event "Pardubice Czech op-D 28th"]
[Site "Pardubice"]
[Date "2017.07.29"]
[Round "9"]
[White "Juchelka, Marek"]
[Black "Liubka, Andrii"]
[Result "1-0"]
[WhiteElo "1462"]
[BlackElo "1000"]
[PlyCount "57"]
[EventDate "2017.07.22"]
[EventType "swiss"]
[EventRounds "9"]
[EventCountry "CZE"]
[SourceTitle "CBM 179 Extra"]
[Source "ChessBase"]
[SourceDate "2017.08.23"]
[SourceVersion "1"]
[SourceVersionDate "2017.08.23"]
[SourceQuality "1"]

1. e4 e5 2. Nf3 Nc6 3. Bb5 a6 4. Ba4 Nf6 5. 0-0 Nxe4 6. Re1 Nf6 7. Nxe5 Be7 8. Nxc6 dxc6 9. Qe2 Be6 10. Bb3 Bxb3 11. axb3 Qd7 12. d3 0-0 13. Qxe7 Rfe8 14. Qb4 Nd5 15. Qd2 Qg4 16. f3 Qh4 17. Re4 Rxe4 18. fxe4 Re8 19. Qf2 Qh5 20. Qf3 Qh4 21. Bd2 Nf6 22. Nc3 Ng4 23. h3 Ne5 24. Qf4 Qe7 25. Rf1 Qd7 26. Be3 Re6 27. Na4 b6 28. Nc3 Qe7 29. Bd4 1-0

[Event "Pardubice Czech op-D 28th"]
[Site "Pardubice"]
[Date "2017.07.24"]
[Round "4"]
[White "Juchelka, Marek"]
[Black "Mikulenka, Tomas"]
[Result "0-1"]
[WhiteElo "1462"]
[BlackElo "1615"]
[PlyCount "70"]
[EventDate "2017.07.22"]
[EventType "swiss"]
[EventRounds "9"]
[EventCountry "CZE"]
[SourceTitle "CBM 179 Extra"]
[Source "ChessBase"]
[SourceDate "2017.08.23"]
[SourceVersion "1"]
[SourceVersionDate "2017.08.23"]
[SourceQuality "1"]

1. e4 c5 2. Nf3 e6 3. d4 cxd4 4. Nxd4 a6 5. Nc3 Qc7 6. Be3 Nf6 7. f3 Bc5 8. Qd2 d6 9. 0-0-0 b5 10. Nb3 Bxe3 11. Qxe3 0-0 12. g4 Rd8 13. Bg2 Nc6 14. h3 Ne5 15. f4 Nc4 16. Qe2 Bb7 17. Rhf1 Rac8 18. Nd2 Nxb2 19. Ndb1 Nxd1 20. Rxd1 b4 21. Na4 d5 22. exd5 Qxf4+ 23. Qd2 Qxd2+ 24. Rxd2 Bxd5 25. Bxd5 Nxd5 26. Kb2 a5 27. Kb3 g5 28. a3 Kg7 29. axb4 Nxb4 30. Rxd8 Rxd8 31. Na3 f5 32. Nc4 Nc6 33. Nc5 Rb8+ 34. Kc3 Rb5 35. Nd3 a4 0-1

[Event "EU-ch U10 26th"]
[Site "Prague"]
[Date "2016.08.27"]
[Round "9"]
[White "Juchelka, Marek"]
[Black "Aliyev, Farid"]
[Result "1-0"]
[WhiteElo "1362"]
[BlackElo "1482"]
[PlyCount "127"]
[EventDate "2016.08.18"]
[EventType "swiss"]
[EventRounds "9"]
[EventCountry "CZE"]
[SourceTitle "CBM 174 Extra"]
[Source "ChessBase"]
[SourceDate "2016.10.10"]
[SourceVersion "1"]
[SourceVersionDate "2016.10.10"]
[SourceQuality "1"]

1. e4 e6 2. d4 d5 3. exd5 exd5 4. Nc3 Nf6 5. Nf3 Bd6 6. Bg5 c6 7. Be2 0-0 8. 0-0 h6 9. Bh4 Bf5 10. Ne5 Be7 11. Bd3 Bh7 12. Bxf6 Bxf6 13. Bxh7+ Kxh7 14. Qd3+ Kg8 15. Rfe1 Qc8 16. Qg3 Nd7 17. Ng4 Kh8 18. Nxf6 Nxf6 19. Re7 g6 20. Qe3 Kg7 21. Re1 Re8 22. Qf4 Qd8 23. Rxe8 Nxe8 24. Qe5+ Qf6 25. Qe7 Nd6 26. Qxf6+ Kxf6 27. b3 Re8 28. Rxe8 Nxe8 29. Kf1 Nd6 30. Ke2 Nf5 31. Kd3 Nd6 32. Na4 Ne4 33. f3 Nd6 34. Nc5 b6 35. Na4 Nf5 36. g3 Kg5 37. Nb2 h5 38. Nd1 h4 39. g4 Nd6 40. Ke3 f5 41. Nf2 fxg4 42. fxg4 Ne4 43. Nxe4+ dxe4 44. h3 Kf6 45. Kxe4 Ke6 46. c4 c5 47. a3 a5 48. d5+ Kf6 49. Kf4 g5+ 50. Ke4 Ke7 51. Kf5 Kd6 52. Kxg5 b5 53. a4 b4 54. Kf6 Kd7 55. Kf7 Kd6 56. g5 Ke5 57. g6 Kd4 58. g7 Kc3 59. g8Q Kxb3 60. Qg4 Kxa4 61. Qd1+ b3 62. Qd2 Ka3 63. Qxa5+ Kb2 64. Qxc5 1-0

[Event "EU-ch U10 26th"]
[Site "Prague"]
[Date "2016.08.25"]
[Round "7"]
[White "Juchelka, Marek"]
[Black "Zachary, Bastian"]
[Result "1-0"]
[WhiteElo "1362"]
[BlackElo "1621"]
[PlyCount "51"]
[EventDate "2016.08.18"]
[EventType "swiss"]
[EventRounds "9"]
[EventCountry "CZE"]
[SourceTitle "CBM 174 Extra"]
[Source "ChessBase"]
[SourceDate "2016.10.10"]
[SourceVersion "1"]
[SourceVersionDate "2016.10.10"]
[SourceQuality "1"]

1. e4 e5 2. Nf3 Nc6 3. Bb5 a6 4. Ba4 Nf6 5. 0-0 b5 6. Bb3 Bc5 7. Re1 0-0 8. c3 d6 9. h3 h6 10. d4 Bb6 11. Be3 Re8 12. dxe5 Nxe5 13. Bxb6 cxb6 14. Nbd2 Bb7 15. Qe2 Ned7 16. Qd1 Qc7 17. Bc2 Nc5 18. Qb1 Re7 19. Nd4 Rae8 20. Nf5 Rd7 21. f3 Ne6 22. Qc1 Qc5+ 23. Kh1 Qe5 24. c4 Nd4 25. f4 Qxf4 26. cxb5 1-0

[Event "EU-ch U10 26th"]
[Site "Prague"]
[Date "2016.08.24"]
[Round "6"]
[White "Stevanovic, Jovan"]
[Black "Juchelka, Marek"]
[Result "1/2-1/2"]
[WhiteElo "1584"]
[BlackElo "1362"]
[PlyCount "50"]
[EventDate "2016.08.18"]
[EventType "swiss"]
[EventRounds "9"]
[EventCountry "CZE"]
[SourceTitle "CBM 174 Extra"]
[Source "ChessBase"]
[SourceDate "2016.10.10"]
[SourceVersion "1"]
[SourceVersionDate "2016.10.10"]
[SourceQuality "1"]

1. c4 f5 2. Nf3 e6 3. Nc3 c6 4. g3 d5 5. d4 Nf6 6. Bg2 Nbd7 7. b3 Be7 8. 0-0 0-0 9. Bb2 Ne4 10. Nd2 Bb4 11. Qc2 Qg5 12. Nf3 Qh6 13. a3 Bd6 14. Nxe4 dxe4 15. Ne5 Nxe5 16. dxe5 Be7 17. e3 g5 18. Rfd1 Qg6 19. Rd2 h5 20. h3 Rf7 21. Kh1 b6 22. b4 c5 23. b5 Bb7 24. Re1 Rg7 25. Qb1 Rh7 1/2-1/2